|
|
|
|
| LEADER |
00000cam a2200000 7i4500 |
| 001 |
0000241100 |
| 005 |
20240403130402.0 |
| 006 |
a# ###g ### |
| 007 |
t |
| 008 |
211101t20182018nyu# g eng |
| 020 |
|
|
|a 9780062678201
|
| 040 |
|
|
|a MBPJ
|b eng
|c MBPJ
|e rda
|
| 090 |
0 |
0 |
|a 953.3053
|b MOH
|
| 100 |
0 |
|
|a Mohammed Al Samawi ,
|e author
|
| 245 |
1 |
4 |
|a The FOX HUNT :
|b A MEMOIR OF YEMEN AND MY ODYSSEY TO AMERICA
|c MOHAMMED AL SAMAWI
|
| 264 |
|
1 |
|a New York :
|b William Morrow
|c 2018
|
| 264 |
|
4 |
|a 2018
|
| 300 |
|
|
|a 324 pages ;
|c 21 cm.
|
| 336 |
|
|
|a text
|2 rdacontent
|
| 337 |
|
|
|a unmediated
|2 rdamedia
|
| 338 |
|
|
|a volume
|2 rdacarrier
|
| 650 |
|
0 |
|a Refuges
|z Yemen (Republic)
|
| 651 |
|
0 |
|a Yemen (Republic)
|x History
|x Civil war, 2015
|x Personal narratives
|
| 999 |
|
|
|a 00377133
|b BUKU
|c PINJAMAN
|e PERPUSTAKAAN KOMUNITI CAW BANDAR UTAMA
|